Statystyki dla Graniczące ze sobą państwa na tę samą literę

Kliknij tutaj aby rozwiązać quiz!

Ogólne statystyki

  • Ten quiz został rozwiązany 292 razy
  • Średni wynik to 21 z 34

Statystyki odpowiedzi

LiteraPaństwo% Poprawnych
IIrak
83%
IIran
83%
ZZambia
79%
ZZimbabwe
74%
BBrazylia
72%
WWłochy
72%
EErytrea
70%
BBoliwia
69%
EEtiopia
69%
GGwinea
69%
WWatykan
69%
AArmenia
68%
AAzerbejdżan
68%
KKorea Północna
67%
KKorea Południowa
67%
GGwinea Bissau
66%
MMali
65%
NNiger
62%
NNigeria
62%
MMauretania
60%
MMauretania
60%
MMaroko
59%
GGabon
57%
KKazachstan
57%
KKirgistan
56%
KKongo
55%
GGwinea Równikowa
54%
KKamerun
50%
SSudan
49%
SSudan Południowy
49%
MMozambik
45%
MMalawi
43%
BBenin
40%
BBurkina Faso
39%

Rozkład punktacji

Percentyl według liczby udzielonych odpowiedzi

Procent ludzi z każdym wynikiem

Twoja historia wyników

Nie rozwiązałeś tego quizu